| 000 | 00864ntm a22002177a 4500 | ||
|---|---|---|---|
| 005 | 20170809121459.0 | ||
| 008 | 170802s2009 xx a frb 000 0 eng d | ||
| 040 |
_aEG-ScBUE _beng _cEG-ScBUE |
||
| 082 | 0 | 4 |
_222 _a650 _bLAK |
| 100 | 1 | _aEl Lakany, Israa. | |
| 245 | 1 | 0 |
_aOrganisational culture barriers toward creating and applying open book management : _bA study in multinational companies in the telecommunication industry in Cairo / _cIsraa El Lakany. |
| 260 | _c2009. | ||
| 300 |
_a51 p. : _bill. (col.) ; _c28 cm. |
||
| 500 | _aA dissertation submitted in part fulfillment of the requirements for the award of B.A. in Business Administration, Human Resource Specialization. | ||
| 590 | _aNour | ||
| 650 | 7 |
_2BUEsh _aBusiness Administration _vProjects |
|
| 653 |
_bBUSADM _cAugust2017 |
||
| 655 | _vSPRO | ||
| 700 | 1 |
_aEl Fekey, Sherine. _eths |
|
| 942 | _2ddc | ||
| 999 |
_c25402 _d25374 |
||